Statistics for Love Me Again - John Newman - All Lyrics

Click here to take the quiz!

General Stats

  • This quiz has been taken 32 times
  • The average score is 226 of 267

Answer Stats

Answer% Correct
again?)
100%
again,
100%
again?
100%
I
100%
love
100%
me,
100%
me
100%
need
100%
you
100%
(Can
96%
Can
96%
do
96%
do?
96%
know
96%
Know
96%
now,
96%
Now
96%
now
96%
to
96%
so
86%
Is
82%
that
82%
the
82%
go
79%
heart
79%
Oh,
79%
oh
79%
Oh, oh,
79%
Oh, oh
79%
oh, oh, oh
79%
what
79%
your
75%
can't
71%
nothing
71%
demons
68%
from
68%
I'm
68%
There’s
68%
devils
64%
in
64%
It's
64%
I've
64%
wrong,
64%
found
61%
told
61%
up
61%
all
57%
done
57%
ground,
57%
where
57%
with
57%
angel
54%
rising
54%
this
54%
Took
54%
fools
50%
soul
50%
They
50%
left
46%
like
46%
strength
46%
and
39%
angels
39%
once,
39%
only
39%
torn
39%
destroy
36%
everything
36%
Filled
36%
of
36%
shook
36%
down
32%
low,
32%
unforgivable
29%
worst
29%
bring
25%
burnt
25%
rule
25%
stole
25%

Score Distribution

Percentile by Number Answered

Percent of People with Each Score

Your Score History

You have not taken this quiz